000 00290nam a22001337a 4500
008 170905b xxu||||| |||| 00| 0 eng d
020 _a0534049206
041 _aeng
080 _25 ED
_a070
100 _a40
101 _aMED
245 _aPUBLIC OPINION
_cHENNESSY.B
942 _2udc
_cBK
999 _c26140
_d26140